000 00768nam a2200229 i 4500
001 bg
100 1 _aTARANENKO, Viktor A.
245 1 0 _aUpravlenie processom sverlenija glubokich otverstij malogo diametra /
_cViktor A. Taranenko, Aleksandr I. Levčenko.
260 _aOpole :
_bPO. Oficyna Wydawnicza,
_c2003.
300 _a128 s. :
_bil. ;
_c24 cm.
490 1 _aStudia i Monografie / Politechnika Opolska,
_x1429-6063 ;
_vz. 144
500 _aStreszcz. pol. i ang.
504 _aBibliogr.
650 9 _aWiertarstwo
_xmetody
700 1 _aLEVČENKO, Aleksandr I.
830 0 _aStudia i Monografie (Politechnika Opolska) ;
_vz. 144
040 _cBPK
041 0 _arus
_bpoleng
080 _a621.95
942 _cKS
008 s pl f |000 0 pol
999 _c43912
_d43912
856 _uhttp://koha.tu.koszalin.pl/cgi-bin/koha/opac-detail.pl?biblionumber=43912
_yKatalog online BPK